000 00424nam a2200181Ia 4500
008 090122s9999 xx 000 0 und d
082 _b11165
100 _aHORNE
_bUNA
245 _aTHE IRONMASTER'S GIRL
260 _bPIATKUS
_c2002
300 _a325
501 _aबि. नं. 2256
600 _aHORNE
630 _aTHE IRONMASTER'S GIRL
700 _aHORNE
730 _aTHE IRONMASTER'S GIRL
942 _cBOOK
999 _c35242
_d35242